=LDR 00000nam 2200000 4500 =001 INLIS000000000008247 =005 20130612100138 =008 ***********************************Ind** =035 ##$$0010-061300000008247 =041 ##$$a Ind =082 ##$$a 121 =090 ##$$a 121, Sol e =100 ##$$a Solihin, M =245 ##$$a Epitemalogi ilmu, dalam sudut pandang Al-Ghazali, Drs. M. Solihin, Ag =260 ##$$a 2001 $b Bandung =300 ##$$a 105 hlm, 21 cm =650 ##$$a Pengetahuan, Teori